<?xml version="1.0" encoding="UTF-8"?>
<marc:record xmlns:marc="http://www.loc.gov/MARC21/slim">
   <marc:leader>00000nam a2200000 a 4500</marc:leader>
   <marc:datafield ind1="1" ind2=" " tag="100">
      <marc:subfield code="a">Gay, William</marc:subfield>
      <marc:subfield code="4">aut</marc:subfield>
      <marc:subfield code="e">Verfasser/-in</marc:subfield>
   </marc:datafield>
   <marc:datafield ind1="1" ind2=" " tag="100">
      <marc:subfield code="a">Koch, Sven</marc:subfield>
      <marc:subfield code="4">trl</marc:subfield>
      <marc:subfield code="e">Übersetzer/-in</marc:subfield>
   </marc:datafield>
   <marc:datafield ind1=" " ind2=" " tag="653">
      <marc:subfield code="a">Krimi USA</marc:subfield>
   </marc:datafield>
   <marc:datafield ind1=" " ind2=" " tag="653">
      <marc:subfield code="a">Detektivroman</marc:subfield>
   </marc:datafield>
   <marc:datafield ind1="0" ind2="0" tag="245">
      <marc:subfield code="a">Stoneburner</marc:subfield>
   </marc:datafield>
   <marc:datafield ind1="0" ind2="0" tag="245">
      <marc:subfield code="b">Kriminalroman</marc:subfield>
   </marc:datafield>
   <marc:datafield ind1="0" ind2="0" tag="245">
      <marc:subfield code="c">William Gay</marc:subfield>
   </marc:datafield>
   <marc:datafield ind1=" " ind2="1" tag="264">
      <marc:subfield code="b">Polar Verlag</marc:subfield>
      <marc:subfield code="c">2020</marc:subfield>
   </marc:datafield>
   <marc:datafield ind1="1" ind2=" " tag="520">
      <marc:subfield code="a">Stoneburner ist eine hard-boiled Detektivgeschichte, wie sie nur William Gay schreiben konnte. Sie spielt in der Mitte der 1970er Jahre und erzählt die Geschichte des abgestumpften Privatdetektivs Stoneburner, Thibodeaux, einem Redneck Vietnam-Veteranen, Cathy Meecham, einer schönen jungen Blondine und Cap Holder, einem Ex-Sheriff. Stoneburner hat sein Büro in Memphis aufgegeben, um am Ufer des Tennessee River zu leben. Dort lernt er den pensionierten Sheriff Cap Holder kennen, der ein kleines Vermögen gemacht hat, nachdem Hollywood einen Film produzierte, der auf seinen Heldentaten als Sheriff basiert. Holder hat mit den Drogendealern in seiner ländlichen Gegend aufgeräumt. Holder beauftragt Stoneburne nun, seine junge Freundin und einen Koffer mit Drogengeldern wieder zu beschaffen, nachdem Cathy und der Koffer gleichzeitig verschwunden sind. Die Nachforschungen bringen Stoneburner in Kontakt mit Thibodeaux, den er aus seiner Jugendzeit kennt. Thibodeaux ist heute ein unberechenbarer Trinker. Verfangen in ihrer Vergangenheit, kollidieren</marc:subfield>
   </marc:datafield>
   <marc:datafield ind1=" " ind2=" " tag="020">
      <marc:subfield code="a">9783948392123</marc:subfield>
      <marc:subfield code="9">9783948392123</marc:subfield>
   </marc:datafield>
   <marc:datafield ind1=" " ind2=" " tag="020">
      <marc:subfield code="a">3948392129</marc:subfield>
      <marc:subfield code="9">3948392129</marc:subfield>
   </marc:datafield>
   <marc:datafield ind1=" " ind2=" " tag="300">
      <marc:subfield code="a">S. 391</marc:subfield>
   </marc:datafield>
</marc:record>
